Biblioteca

Principios de interpretación Bíblica : libro de texto de estudio autodidacta / traducido por: Alvaro Acosta , Olivia Acosta , Carl Gibbs (Registro nro. 43814)

Detalles MARC
000 -LÍDER
Campo fijo de descripción fija 005340000a22001690004500
020 ## - NÚMERO INTERNACIONAL NORMALIZADO PARA LIBROS
Número Internacional Normalizado del libro 0-7617-0293-8
041 0# - CÓDIGO DE IDIOMA
Código de idioma para texto/pista de sonido o título separado
082 04 - NÚMERO DE CLASIFICACIÓN DECIMAL DEWEY
Número de clasificación E 220.6 A185
001 - NÚMERO DE CONTROL
Campo de control 14998
245 10 - TÍTULO
Título del Material Principios de interpretación Bíblica : libro de texto de estudio autodidacta / traducido por: Alvaro Acosta , Olivia Acosta , Carl Gibbs
250 ## - MENCIÓN DE EDICIÓN
Mención de edición 2
260 ## - PUBLICACIÓN, DISTRIBUCIÓN, ETC. (PIE DE IMPRENTA)
Lugar de publicación, distribución, etc. Springfield, Missouri : ICI
300 ## - DESCRIPCIÓN FÍSICA
Extensión 281 p.
500 ## - NOTA GENERAL
Nota General Disponible en Biblioteca Esendek 1 Ej.
650 14 - ASIENTO SECUNDARIO DE MATERIA - TERMINO TEMÁTICO
Término temático o nombre geográfico como elemento de entrada INTERPRETACION DE LA BIBLIA \ HERMENEUTICA BIBLICA
942 ## - TIPO DE MATERIAL (KOHA)
Tipo de Item KOHA Libros General
Existencias
Estado de Material Estado de Perdido Volumen-Parte/Tomo Estado de Dañado No para Préstamo Colección Tomo Biblioteca de Origen Biblioteca Permanente Fecha de Adquisición Total de Préstamos Signatura Topográfica Código de Barras Última vez visto Ejemplar/Existencia Fecha de Remplazo Tipo de Material
          Colección Esendek   Biblioteca FUSBC Biblioteca FUSBC 21/06/2010   E 220.6 A185 23423 12/12/2019 1 26/01/2016 Libros General

Biblioteca FUSBC | Teléfono: (57+4) 349 88 10 Ext. 141| WhatsApp (+57) 3005338115 
E-mail: biblioteca@unisbc.edu.co | Calle 76 87-14 Robledo Palenque, Medellín, Colombia

Con tecnología Koha